ELEMENTS OF GENETICS (Record no. 8047)

MARC details
000 -LEADER
fixed length control field 00412nam a22001697a 4500
005 - DATE AND TIME OF LATEST TRANSACTION
control field 20221215145906.0
008 - FIXED-LENGTH DATA ELEMENTS--GENERAL INFORMATION
fixed length control field 221215b |||||||| |||| 00| 0 eng d
020 ## - INTERNATIONAL STANDARD BOOK NUMBER
ISBN 978-93-8884-248-8
041 ## - LANGUAGE CODE
Language code of text/sound track or separate title eng
082 ## - DEWEY DECIMAL CLASSIFICATION NUMBER
Classification number 575.1-SIN-E
100 ## - MAIN ENTRY--AUTHOR NAME
Personal name SINGH , PHUNDAN
245 ## - TITLE STATEMENT
Title ELEMENTS OF GENETICS
250 ## - EDITION STATEMENT
Edition statement 5th ed.
260 ## - PUBLICATION, DISTRIBUTION, ETC. (IMPRINT)
Place of publication LUDHIANA
Name of publisher KALYANI PUBLISHERS
Year of publication 2022
300 ## - PHYSICAL DESCRIPTION
Number of Pages 435;P.
942 ## - ADDED ENTRY ELEMENTS (KOHA)
Koha item type Books
Holdings
Lost status Damaged status Collection code Home library Current library Shelving location Date acquired Source of acquisition Cost, normal purchase price Full call number Accession Number Koha item type
    Reference JRU Library JRU Library SHELF-2-C 18/12/2022 LOHIA BOOK INTERNATIONAL 375.00 575.1-SIN-E 26867 Books
    AGRICULTURE JRU Library JRU Library SHELF-44-D 18/12/2022 LOHIA BOOK INTERNATIONAL 375.00 575.1-SIN-E 26868 Books
    AGRICULTURE JRU Library JRU Library SHELF-44-D 18/12/2022 LOHIA BOOK INTERNATIONAL 375.00 575.1-SIN-E 26869 Books
    AGRICULTURE JRU Library JRU Library SHELF-44-D 18/12/2022 LOHIA BOOK INTERNATIONAL 375.00 575.1-SIN-E 26870 Books
    AGRICULTURE JRU Library JRU Library SHELF-44-D 18/12/2022 LOHIA BOOK INTERNATIONAL 375.00 575.1-SIN-E 26871 Books